[Event "IECC Swiss email"]
[Site "IECC email"]
[Date "2001.06.19"]
[Round "?"]
[White "Jalyl, Ahmed Ali"]
[Black "Czernow, Marcin"]
[Result "1/2-1/2"]
[WhiteElo "1643"]
[BlackElo "1791"]
[PlyCount "74"]
[EventDate "2001.??.??"]
[EventType "tourn (corr)"]
[EventRounds "6"]
[SourceTitle "Corr 2008"]
[Source "ChessBase"]
[SourceDate "2008.06.24"]
[SourceVersion "1"]
[SourceVersionDate "2008.06.24"]
[SourceQuality "1"]

1. e4 c6 2. d4 d5 3. Nd2 dxe4 4. Nxe4 Bf5 5. Ng3 Bg6 6. h4 h6 7. Nf3 Nd7 8. h5 Bh7 9. Bd3 Bxd3 10. Qxd3 e6 11. Bd2 Qc7 12. 0-0-0 Ngf6 13. Ne4 0-0-0 14. g3 Nc5 15. Nxc5 Bxc5 16. c4 Bd6 17. Bc3 Kb8 18. Qe2 Rhe8 19. c5 Bf8 20. Ne5 Nd5 21. Qd2 Nxc3 22. Qxc3 Rd5 23. b4 Red8 24. Rhe1 Qe7 25. Kb2 Qf6 26. f3 Be7 27. Qd3 a5 28. a3 axb4 29. axb4 Rxd4 30. Qxd4 Rxd4 31. Rxd4 Qg5 32. g4 Qh4 33. Rde4 Bf6 34. Kb1 Bxe5 35. Rxe5 Qf2 36. R1e3 Qd2 37. Rb3 Qd1+ 1/2-1/2

[Event "IECC KO email"]
[Site "IECC email"]
[Date "2001.02.07"]
[Round "?"]
[White "Vio, Mauro"]
[Black "Jalyl, Ahmed Ali"]
[Result "1/2-1/2"]
[WhiteElo "1345"]
[BlackElo "1636"]
[PlyCount "41"]
[EventDate "2001.??.??"]
[EventType "tourn (corr)"]
[EventRounds "6"]
[SourceTitle "Corr 2008"]
[Source "ChessBase"]
[SourceDate "2008.06.24"]
[SourceVersion "1"]
[SourceVersionDate "2008.06.24"]
[SourceQuality "1"]

1. e4 c5 2. Nf3 e6 3. d4 cxd4 4. Nxd4 Nf6 5. Nc3 d6 6. Bg5 Be7 7. Bb5+ Nbd7 8. 0-0 0-0 9. f4 Nc5 10. e5 Nfe4 11. Bxe7 Qxe7 12. Nxe4 Nxe4 13. Qe2 d5 14. Rad1 Bd7 15. Bxd7 Qxd7 16. f5 Qc7 17. fxe6 fxe6 18. Rxf8+ Rxf8 19. Nxe6 Qb6+ 20. Nd4 Nf2 21. Rd2 1/2-1/2

[Event "IECC Swiss email"]
[Site "IECC email"]
[Date "2000.12.13"]
[Round "?"]
[White "Newton, Hobart E"]
[Black "Jalyl, Ahmed Ali"]
[Result "1/2-1/2"]
[WhiteElo "1900"]
[BlackElo "1626"]
[PlyCount "93"]
[EventDate "2000.??.??"]
[EventType "tourn (corr)"]
[EventRounds "6"]
[SourceTitle "Corr 2008"]
[Source "ChessBase"]
[SourceDate "2008.06.24"]
[SourceVersion "1"]
[SourceVersionDate "2008.06.24"]
[SourceQuality "1"]

1. e4 c5 2. Nf3 e6 3. d4 cxd4 4. Nxd4 Nc6 5. Nc3 a6 6. Be2 Qc7 7. f4 b5 8. Be3 Bb7 9. Nxc6 Bxc6 10. Qd4 b4 11. Nd1 d5 12. e5 Nh6 13. 0-0 Nf5 14. Qb6 Qb7 15. Bf2 Qxb6 16. Bxb6 Rb8 17. Ba7 Rb7 18. Bf2 Bb5 19. Bxb5+ Rxb5 20. Ne3 Nxe3 21. Bxe3 Bc5 22. Bxc5 Rxc5 23. Rf2 Ke7 24. a3 Ra5 25. a4 Rc8 26. b3 Rac5 27. Ra2 f6 28. Re2 Rc3 29. Kf1 h6 30. exf6+ Kxf6 31. g3 g5 32. Rf2 d4 33. Rd2 gxf4 34. Rxd4 fxg3 35. hxg3 a5 36. Rh4 Rxg3 37. Rxh6+ Kf5 38. Rh2 e5 39. Ra1 Rf3+ 40. Ke1 Ke4 41. Rd1 Re3+ 42. Kf1 Rf8+ 43. Kg1 Rg3+ 44. Kh1 Rgf3 45. Kg1 Rg3+ 46. Kh1 Rgf3 47. Kg1 1/2-1/2

[Event "IECC KO email"]
[Site "IECC email"]
[Date "2000.09.09"]
[Round "?"]
[White "Venturas, Bob"]
[Black "Jalyl, Ahmed Ali"]
[Result "0-1"]
[WhiteElo "1339"]
[BlackElo "1567"]
[PlyCount "68"]
[EventDate "2000.??.??"]
[EventType "tourn (corr)"]
[EventRounds "6"]
[SourceTitle "Corr 2008"]
[Source "ChessBase"]
[SourceDate "2008.06.24"]
[SourceVersion "1"]
[SourceVersionDate "2008.06.24"]
[SourceQuality "1"]

1. e4 c5 2. c4 Nc6 3. Nc3 d6 4. h3 Nf6 5. d3 Nd4 6. Be3 Qb6 7. Qc1 Bd7 8. Bxd4 cxd4 9. Nce2 e5 10. Nf3 Be7 11. a3 0-0 12. g4 Rac8 13. b4 Be6 14. g5 Nd7 15. h4 d5 16. exd5 Bxd5 17. Bg2 a5 18. c5 Bxf3 19. Bxf3 Qa6 20. Qc2 axb4 21. a4 Nxc5 22. 0-0 e4 23. Bg4 exd3 24. Qb2 dxe2 25. Bxe2 d3 26. Bg4 Nxa4 27. Qb3 Qc4 28. Qxc4 Rxc4 29. f3 Nc3 30. f4 b3 31. Bf3 b2 32. Kf2 bxa1B 33. Rxa1 Rxf4 34. Kg2 d2 0-1

[Event "IECC O email"]
[Site "IECC email"]
[Date "2000.06.25"]
[Round "?"]
[White "Jalyl, Ahmed Ali"]
[Black "Sheehan, Michael J"]
[Result "0-1"]
[WhiteElo "1573"]
[BlackElo "1530"]
[PlyCount "44"]
[EventDate "2000.??.??"]
[EventType "tourn (corr)"]
[EventRounds "6"]
[SourceTitle "Corr 2008"]
[Source "ChessBase"]
[SourceDate "2008.06.24"]
[SourceVersion "1"]
[SourceVersionDate "2008.06.24"]
[SourceQuality "1"]

1. d4 d5 2. Bf4 e6 3. e3 c5 4. Nf3 Qb6 5. Qc1 Bd7 6. Bd3 Nf6 7. 0-0 Nc6 8. c3 Nh5 9. Bg5 f6 10. dxc5 Bxc5 11. g4 fxg5 12. gxh5 g4 13. Ng5 Ne5 14. Be2 h6 15. b4 Be7 16. f4 Nc6 17. b5 Bc5 18. Kf2 Ne7 19. Bxg4 hxg5 20. fxg5 0-0+ 21. Ke2 Bxb5+ 22. Kd2 Bxe3+ 0-1

[Event "IECC O email"]
[Site "IECC email"]
[Date "2000.04.02"]
[Round "?"]
[White "Allen, Dustin"]
[Black "Jalyl, Ahmed Ali"]
[Result "0-1"]
[WhiteElo "1571"]
[BlackElo "1556"]
[PlyCount "64"]
[EventDate "2000.??.??"]
[EventType "tourn (corr)"]
[EventRounds "6"]
[SourceTitle "Corr 2008"]
[Source "ChessBase"]
[SourceDate "2008.06.24"]
[SourceVersion "1"]
[SourceVersionDate "2008.06.24"]
[SourceQuality "1"]

1. e4 e5 2. g3 Bc5 3. Bg2 d6 4. Nf3 Nf6 5. 0-0 Nxe4 6. d3 Nxf2 7. Qe2 Nxd3+ 8. Kh1 Nxc1 9. Rxc1 0-0 10. Nc3 c6 11. Na4 Bg4 12. Nxc5 dxc5 13. Rd1 Qf6 14. Rf1 Nd7 15. Qe3 Rae8 16. Ng5 Qg6 17. Be4 f5 18. Ne6 Rxe6 19. Bd5 cxd5 20. Rf2 b6 21. Raf1 d4 22. Qb3 e4 23. Qd5 Qe8 24. Kg2 Bf3+ 25. Kg1 Kh8 26. h3 Ne5 27. g4 fxg4 28. hxg4 Nxg4 29. Rd2 e3 30. Rxf3 Rxf3 31. Qxf3 exd2 32. Kf1 Nh2+ 0-1